| 000 | 00000nam##2200000za#4500 |
| 001 | 9.648198 |
| 003 | CaOODSP |
| 005 | 20200330091952 |
| 007 | ta |
| 008 | 150407|1999||||xxc||||| f|0| 0 eng|d |
| 020 | |a0-662-30596-5 |
| 040 | |aCaOODSP|beng |
| 043 | |an-cn--- |
| 086 | 1 |aE2-369/1999E |
| 110 | 1 |aCanada.|bForeign Affairs and International Trade. |bCanadian Centre for Foreign Policy Development. |
| 245 | 10|aStolen Dreams Youth Leadership Conference / |cPrepared by Ontario Workers Arts and Heritage Centre. |
| 260 | |aOttawa - Ontario : |bForeign Affairs and International Trade. |c1999. |
| 300 | |a17p. in various pagings. ; |c28 cm. |
| 563 | |aSoftcover |
| 590 | |a02-34|b2002-08-23 |
| 690 | 07|aConferences|2gcpds |
| 690 | 07|aLeadership|2gcpds |
| 690 | 07|aYouth|2gcpds |
| 776 | 0#|tStolen Dreams Youth Leadership Conference / |w(CaOODSP)9.686168 |